| Tag |
First Indicator |
Second Indicator |
Subfields |
| LEADER |
00000cam a2200000 a 4500 |
| 001 |
in00000856420 |
| 005 |
20151019071939.0 |
| 008 |
851011s1985 dcub b f00010 eng d |
| 010 |
|
|
|a gp 86001427
|
| 035 |
|
|
|a (OCoLC)12659577
|
| 035 |
|
|
|9 AED7643AM
|
| 040 |
|
|
|a GPO
|c GPO
|d MvI-ran
|d UtOrBLW
|
| 043 |
|
|
|a n-us-dc
|
| 074 |
|
|
|a 968-H-6
|
| 086 |
0 |
|
|a J 29.9:NCJ-98567
|
| 088 |
|
|
|a NCJ-98567
|
| 100 |
1 |
|
|a Collins, James J.,
|d 1936-
|
| 245 |
1 |
0 |
|a Criminal victimization of District of Columbia residents and Capitol Hill employees :
|b summary /
|c by Brenda G. Cox, James J. Collins, Patrick A. Langan.
|
| 264 |
|
1 |
|a Washington, D.C. :
|b U.S. Dept. of Justice, Bureau of Justice Statistics,
|c [1985]
|
| 300 |
|
|
|a v, 10 pages :
|b 1 map ;
|c 28 cm.
|
| 336 |
|
|
|a text
|b txt
|2 rdacontent
|
| 337 |
|
|
|a unmediated
|b n
|2 rdamedia
|
| 338 |
|
|
|a volume
|b nc
|2 rdacarrier
|
| 500 |
|
|
|a Caption title.
|
| 500 |
|
|
|a Shipping list number: 85-922-P.
|
| 500 |
|
|
|a "September 1985."
|
| 504 |
|
|
|a Bibliography: page 10.
|
| 500 |
|
|
|a "NCJ-98567."
|
| 500 |
|
|
|a "Contract number OJP-85-C-003"--P. ii.
|
| 650 |
|
0 |
|a Criminal statistics
|z Washington (D.C.)
|
| 650 |
|
0 |
|a Victims of crimes
|z Washington (D.C.)
|
| 650 |
|
0 |
|a Victims of crimes
|z Washington (D.C.)
|z Capitol Hill.
|
| 700 |
1 |
|
|a Cox, Brenda G.
|
| 700 |
1 |
|
|a Langan, Patrick A.
|
| 710 |
1 |
|
|a United States.
|b Bureau of Justice Statistics.
|
| 999 |
|
|
|a MARS
|
| 999 |
f |
f |
|s d2208292-1179-396f-a16f-166a68b5ec48
|i 85baab00-9415-32cc-9725-3baca4049aec
|t 0
|
| 952 |
f |
f |
|p normal
|a Texas A&M University
|b College Station
|c Sterling C. Evans Library
|d Evans: US Documents (Annex 5th floor)
|t 0
|e J 29.9:NCJ-98567
|h Superintendent of Documents classification
|i unmediated -- volume
|m A14818275632
|
| 998 |
f |
f |
|a J 29.9:NCJ-98567
|t 0
|l Evans: US Documents (Annex 5th floor)
|